000 01002nam a22002417i 4500
003 URS
005 20240416181704.0
008 190216b ||||| |||| 00| 0 eng d
040 _beng
_erda
_cURS Pililla Library
082 0 0 _bT BSBA HRDM25 2015
100 1 _aBeler, Sarah Jane B.
_eresearcher
245 1 0 _aLevel of satisfaction from the services offered by the Manila water in Jalajala, Rizal, fiscal year 2014-2015/
_cSarah Jane B. Beler
300 _axiv, 78 leaves;
_c28 cm.
336 _atext
_btxt
_2rdacontent
337 _aunmediated
_bn
_2rdamedia
338 _avolume
_bnc
_2rdacarrier
502 _aThesis
_bBachelor of Science in Business Administration Major in Human Resource Development Management
_cUniversity of Rizal System Pililla
700 1 _aDagdag, Sharlyn G.
_eresearcher
700 1 _aGonzaga, Rosabelle T.
_eresearcher
700 1 _aOlaƱo, Monina G
_eadviser
856 _3Online Request for Student Unpublished Works
_uhttps://forms.gle/7LqvGGkaDrUQqz429
942 _2ddc
_cT
999 _c76460
_d76459